Information technology developments and implications for national policies.
Prehľad globálneho štatútu rozvoja informačnej technológie (IT) a nových možností a príležitostí pre vládne politiky v oblasti IT. Rýchle napredovanie inovácií IT napriek prevádzkovým problémom. Doposiaľ slabé vzájomné vzťahy medzi počítačom a ľudským faktorom. Nedostatky v normalizácii.
Uložené v:
| Hlavný autor: | |
|---|---|
| Médium: | Kapitola |
| Jazyk: | English |
| Predmet: | |
| Tagy: |
Žiadne tagy, Buďte prvý, kto otaguje tento záznam!
|
MARC
| LEADER | 00000naa a2200000 4500 | ||
|---|---|---|---|
| 001 | r007386 | ||
| 005 | 20221213084939.6 | ||
| 041 | 0 | |a eng | |
| 044 | |a GB | ||
| 245 | 1 | 0 | |a Information technology developments and implications for national policies. |c H.P. Gassmann |
| 520 | |a Prehľad globálneho štatútu rozvoja informačnej technológie (IT) a nových možností a príležitostí pre vládne politiky v oblasti IT. Rýchle napredovanie inovácií IT napriek prevádzkovým problémom. Doposiaľ slabé vzájomné vzťahy medzi počítačom a ľudským faktorom. Nedostatky v normalizácii. | ||
| 610 | 2 | 0 | |a technológie informačné |
| 610 | 2 | 0 | |a inovácia |
| 610 | 2 | 0 | |a počítače |
| 610 | 2 | 0 | |a činiteľ ľudský |
| 100 | 1 | |a Gassmann, H.P. | |